پارس سے پارس / (Record no. 108751)

MARC details
000 -LEADER
fixed length control field 00743nam a22002537a 4500
005 - DATE AND TIME OF LATEST TRANSACTION
control field 20170123162344.0
010 ## - LIBRARY OF CONGRESS CONTROL NUMBER
LC control number A-842619
020 ## - INTERNATIONAL STANDARD BOOK NUMBER
Terms of availability 00.00
035 ## - SYSTEM CONTROL NUMBER
System control number A-842619
037 ## - SOURCE OF ACQUISITION
Source of stock number/acquisition Cen Lib/Ret
040 ## - CATALOGING SOURCE
Original cataloging agency DPL
Language of cataloging UR
082 ## - DEWEY DECIMAL CLASSIFICATION NUMBER
Classification number 239.1
Item number چ ر ن
100 ## - MAIN ENTRY--PERSONAL NAME
Personal name چرن سنگھ
9 (RLIN) 129841
245 ## - TITLE STATEMENT
Title پارس سے پارس /
Statement of responsibility, etc چرن سنگھ
246 ## - VARYING FORM OF TITLE
Title proper/short title Paris se paris /
Remainder of title by Charan Singh
260 ## - PUBLICATION, DISTRIBUTION, ETC. (IMPRINT)
Place of publication, distribution, etc پنجاب
Name of publisher, distributor, etc رادھا سوامی ست سنگھ
Date of publication, distribution, etc 1988
270 ## - ADDRESS
City پنجاب
300 ## - PHYSICAL DESCRIPTION
Extent 260p.
Dimensions 21cm(Hb)
650 ## - SUBJECT ADDED ENTRY--TOPICAL TERM
Topical term or geographic name as entry element مذہب - ہندومت
9 (RLIN) 129842
650 ## - SUBJECT ADDED ENTRY--TOPICAL TERM
Topical term or geographic name as entry element سینٹ
9 (RLIN) 536
650 ## - SUBJECT ADDED ENTRY--TOPICAL TERM
Topical term or geographic name as entry element Religion -- Hinduism
9 (RLIN) 129843
650 ## - SUBJECT ADDED ENTRY--TOPICAL TERM
Topical term or geographic name as entry element Saint
9 (RLIN) 85528
942 ## - ADDED ENTRY ELEMENTS (KOHA)
Source of classification or shelving scheme Dewey Decimal Classification
Koha item type Urdu Bks
Classification part 239.1
Call number suffix چ ر ن
Holdings
Withdrawn status Lost status Damaged status Not for loan Home library Current library Date acquired Source of acquisition Cost, normal purchase price Total Checkouts Full call number Barcode Date last seen Copy number Cost, replacement price Price effective from Koha item type
        Central Library Central Library 03/02/2016 Cen Lib/Ret 0.00   239.1 چ ر ن A-842619 03/02/2016 1 0.00 03/02/2016 Urdu Bks

© Delhi Public Library
Hit Counter
free hit counter